000 00917cam a2200253 a 4500
001 13544297
005 20180119080233.0
008 040331s2005 maua 001 0 eng
010 _a 2004040331
020 _a0073018562 (acidfree paper)
020 _a0072994398 (MathZone student access kit : CDROM)
020 _a0072994401 (MathZone instructor's access kit : CDROM)
040 _aDLC
_cDLC
_dDLC
041 _aeng
080 _a515
082 0 0 _a515 HOF
_222
100 1 _a36
101 _aMAT
245 1 0 _aApplied calculus for business, economics, and the social and life sciences.
246 3 0 _aApplied calculus
906 _a7
_bcbc
_corignew
_d1
_eocip
_f20
_gy-gencatlg
942 _2ddc
_cBK
999 _c40595
_d40595